000 00480nam a2200169 i 4500
001 147268
003 ES-MaACL
005 20230906201915.0
007 t|
008 070925s1966 sp ||||1| baq d
080 _a087.5:891.69-34"19"
100 1 _aUgalde, Martín de.
_9111882
245 1 0 _aSorgiñaren Urrea
_b: umeentzako kontuak /
_cMartín de Ugalde.
260 _aZarauz :
_bItxaropena,
_c[1966]
300 _a113 p. ;
_c19 cm.
852 _aES-MaACL
_jC-31709
_bR.70257
999 _c147268
_d147268